| 000 | 01983cam a22005294i 4500 | ||
|---|---|---|---|
| 003 | PE-LiUPU | ||
| 005 | 20250731180057.0 | ||
| 008 | 150617s r 000 0 d | ||
| 020 | _a9682606489 | ||
| 035 | _a(Sirsi) i9789682606489 | ||
| 040 |
_aPE-LiUPU _bspa _cPE-LiUPU _erda |
||
| 049 | _aPRUA | ||
| 082 | 0 | 4 |
_a539 _bCh19 _221 |
| 100 | 1 |
_aChang, Raymond, _eautor. |
|
| 245 | 1 | 0 | _aFisicoquímica con aplicaciones a sistemas biológicos. |
| 264 | 1 |
_aMéxico : _bCompañia Editorial Continental, _c1992. |
|
| 300 |
_a792 páginas , ; _c24 centímetros |
||
| 336 |
_atext _2rdacontent |
||
| 337 |
_aunmediated _2rdamedia |
||
| 338 |
_avolume _2rdacarrier |
||
| 505 | 0 | _aLeyes de los gases -- Teoría cinética de los gases -- Estado sólido -- Primera ley de la termodinámica -- Soluciones de no electrólitos -- Soluciones de electrólitos -- Equilibrio químico -- Electroquímica -- Acidos y bases -- Cinética química -- Mecánica cuántica -- Atomos y moléculas -- Fuerzas intermoleculares -- Espectroscopia -- Simetría molecular y actividad óptica -- Macromoléculas. | |
| 526 | _aSEG44 | ||
| 526 | _aSEG26 | ||
| 526 | _aP159 | ||
| 526 | _aP155 | ||
| 526 | _aP154 | ||
| 526 | _aP153 | ||
| 526 | _aP150 | ||
| 526 | _aP100 | ||
| 526 | _aP31 | ||
| 526 | _aP30 | ||
| 526 | _aP26 | ||
| 526 | _aP25 | ||
| 526 | _aP24 | ||
| 526 | _aP22 | ||
| 526 | _aP15 | ||
| 526 | _aP10 | ||
| 650 | 0 | 4 | _aFISICOQUIMICA. |
| 650 | 0 | 4 | _aFOTOQUIMICA. |
| 910 |
_ajck _bjvq _cjck _d20150616 |
||
| 942 |
_2ddc _cBOOK |
||
| 949 |
_a539 CH19 _wDEWEY _c1 _i35446 _d2015-9-13 _e2015-9-11 _lCCODEBUL1 _mBUL _n3 _r0 _sY _tBOOK _u2015-6-17 _xEDUCACION _zUNKNOWN _0COMPRA _o.STAFF. Colección General |
||
| 994 |
_aC0 _bPEPRU |
||
| 596 | _a1 | ||
| 999 |
_a539 CH19 _wDEWEY _c10582 _i35446 _d10582 _e2015-9-11 _f2021-11-5 _g5 _lCCODEBUL1 _mBUL _n3 _q1 _r0 _sN _tBOOK _u2015-6-17 _xBIBLIOTECA _zUNKNOWN _0COMPRA _o.STAFF. Colección General |
||
| 980 |
_81 _gALBERTO SANCHEZ Responsable de Automatización |
||